[Event "Sharjah Master 2024"]
[Site "Shsrjah - Abu Dhabi"]
[Date "2024.05.15"]
[Round "?"]
[White "Zemlyanskii, Ivan"]
[Black "Gledura, Benjamin"]
[Result "1/2-1/2"]
[WhiteElo "2516"]
[BlackElo "2619"]
[PlyCount "146"]
[EventDate "2024.05.14"]
[EventCountry "UAE"]

1. e4 c5 2. Nf3 d6 3. d4 cxd4 4. Nxd4 Nf6 5. Nc3 a6 6. Bg5 e6 7. Qf3 Nbd7 8. O-O-O Qc7 9. Bd3 $146 ({RR} 9. g4 b5 10. a3 Rb8 11. Qe2 b4 12. axb4 Rxb4 13. f4 Be7 14. Bg2 h6 15. Bh4 g5 16. fxg5 hxg5 17. Bxg5 Qa5 18. Bxf6 Bxf6 19. Nb3 Qe5 20. Kb1 a5 21. Rd3 a4 22. Nd2 Ba6 23. Ka2 a3 {Pranav,V (2604)-Sarana,A (2703) chess.com INT 2024 0-1}) ({RR} 9. g4 b5 10. a3 Rb8 11. Bxf6 gxf6 12. h4 b4 13. axb4 Rxb4 14. g5 Qb6 15. Nb3 Be7 16. Na2 Ra4 17. Nc3 Rb4 18. Kb1 fxg5 19. Na2 Ra4 20. Qc3 Bf6 21. Qd2 gxh4 22. f4 Rxe4 23. Bg2 Re3 {Vidit,S (2727)-Salem,A (2629) chess.com INT 2024 0-1}) ({RR} 9. Bxf6 Nxf6 10. g4 Be7 11. g5 Nd7 12. h4 b5 13. a3 Rb8 14. Qg3 b4 15. axb4 Rxb4 16. Nf5 exf5 17. Nd5 Qc5 18. Nxb4 Qxb4 19. exf5 Nc5 20. Bh3 Na4 21. Qb3 Qxb3 22. cxb3 Nb6 23. Rhe1 Kd8 {Hakobyan,A (2616)-Ter Sahakyan,S (2649) chess.com INT 2024 0-1 (45)}) ({RR} 9. g4 h6 10. Bxf6 Nxf6 11. h4 b5 12. Bh3 b4 13. g5 bxc3 14. gxf6 cxb2+ 15. Kb1 Bb7 16. Rhg1 g5 17. Rd3 Qc4 18. Rgd1 Rc8 19. Rb3 Ba8 20. Qe3 gxh4 21. Rdd3 Kd7 22. Rdc3 Qa4 23. Rxc8 Kxc8 {Poddubnyi,V (2304)-Salonen,A (2265) chess.com INT 2024 0-1}) 9... h6 10. Bh4 Be7 11. Rhe1 Ne5 12. Qe2 g5 13. Bg3 b5 14. a3 Rb8 15. h4 Bd7 $6 {Inaccuracy. gxh4 was best.} (15... gxh4 16. Bxh4) 16. hxg5 hxg5 17. Rh1 Rg8 18. f3 Rc8 19. Nb3 Bc6 20. Kb1 Nfd7 21. Rh6 Ba8 22. a4 bxa4 23. Nxa4 Nc4 $6 {Inaccuracy. Nxd3 was best.} (23... Nxd3 24. Qxd3 Ne5 25. Bxe5 dxe5 26. Nb6 Rd8 27. Nxa8 Rxa8 28. Rh7 Rd8 29. Qe2) 24. Rdh1 $2 {Mistake. Nd4 was best.} (24. Nd4 Nde5) 24... Qc6 25. Rh8 Rf8 26. Nc3 $4 {Blunder. Bxc4 was best.} (26. Bxc4 Qxc4 27. Qxc4 Rxc4 28. Nc3 g4 29. Nd2 Rc6 30. Rxf8+ Nxf8 31. fxg4 Bg5) 26... Nde5 $4 {Blunder. Nxb2 was best.} (26... Nxb2 27. Rxf8+) 27. Bxe5 dxe5 28. Bxc4 Qxc4 29. Rxf8+ Bxf8 30. Qd2 f6 31. Rd1 $6 {Inaccuracy. Rh7 was best.} (31. Rh7 Qc6 32. Na5 Qd6 33. Qe2 Be7 34. g3 Rb8 35. Nb3 Bc6 36. Qxa6 Bd7) 31... Qc7 32. Qd3 Qa7 $6 {Inaccuracy. Kf7 was best.} (32... Kf7 33. Qxa6) 33. Na5 Kf7 34. Qd7+ $2 {Mistake. Rh1 was best.} (34. Rh1) 34... Qxd7 35. Rxd7+ Kg6 36. Ra7 Bb4 37. Rxa6 Bxc3 38. bxc3 g4 39. c4 Re8 $4 {Blunder. Kf7 was best.} (39... Kf7 40. Nb3) 40. c5 gxf3 $6 {Inaccuracy. f5 was best.} (40... f5 41. c6) 41. gxf3 f5 42. c6 Rc8 43. Nc4 Kg5 44. Nxe5 fxe4 45. fxe4 Kf4 46. Ng6+ Kxe4 47. Ra4+ Ke3 48. c7 $4 {Blunder. Ne7 was best.} (48. Ne7) 48... Be4 49. Ra3+ Kd2 50. Nf4 Rxc7 51. Nxe6 Rb7+ 52. Ka1 Kc1 53. Nd4 Rb1+ 54. Ka2 Rb2+ 55. Ka1 Rb1+ 56. Ka2 Rb2+ 57. Ka1 Rb4 58. Ne2+ Kd2 59. Nc3 Bxc2 60. Ka2 Rb7 61. Nd5 Bd3 62. Rc3 Rb5 63. Nc7 Rb4 64. Ka3 Rb7 65. Nd5 Rb5 66. Nc7 Rb1 67. Rb3 Rc1 68. Nd5 Bc4 69. Rb2+ Kd3 70. Nb4+ Kd4 71. Rd2+ Kc3 72. Rc2+ Rxc2 73. Nxc2 Kxc2 1/2-1/2

[Event "Sharjah Master 2024"]
[Site "Shsrjah - Abu Dhabi"]
[Date "2024.05.15"]
[Round "?"]
[White "Maurizzi, Marc`Andria"]
[Black "Dronavalli, Harika"]
[Result "1-0"]
[WhiteElo "2617"]
[BlackElo "2503"]
[PlyCount "95"]
[EventDate "2024.05.14"]
[EventCountry "UAE"]

1. e4 {Stockfish 16.1} e5 2. Nf3 Nc6 3. Bb5 a6 4. Ba4 Nf6 5. O-O Nxe4 6. d4 b5 7. Bb3 d5 8. dxe5 Be6 9. c3 Be7 10. Bc2 Bg4 11. Qe1 Nc5 12. Nbd2 Ne6 13. Nb3 $146 {Inaccuracy. Qe2 was best.} (13. Qe2 O-O ({RR} 13... O-O 14. Re1 Qd7 15. Qd3 g6 16. Qf1 f6 17. h3 Bxh3 18. gxh3 fxe5 19. Nxe5 Nxe5 20. Rxe5 Nf4 21. Re3 Bc5 22. Rf3 Qe7 23. Kh1 Ne2 24. Bd1 Nxc1 25. Rxc1 Qg5 26. Nb3 Bd6 27. Qg2 Qe5) 14. Re1 f6 15. Qd3 g6 16. exf6 Bxf6 17. Qe3 Qd7 18. h3 d4) ({RR} 13. Kh1 Bh5 14. Nb3 ({RR} 14. Ng1 Bg6 15. Bb1 Nf4 16. Qe3 Bg5 17. Ndf3 Bh6 18. Qc5 Ne7 19. Bxf4 Bxf4 20. a4 Rb8 21. b4 f6 22. axb5 axb5 23. Re1 Bxb1 24. Raxb1 Kf7 25. g3 Bxe5 26. Nxe5+ fxe5 27. Rxe5 Re8 28. Nf3 h6) 14... Bxf3 15. gxf3 Bg5 16. Rg1 Bxc1 17. Nxc1 Qh4 18. Rg4 Qh5 19. Nd3 O-O 20. Qe2 f5 21. exf6 Rxf6 22. f4 Rh6 23. f3 Rf8 24. Qf2 Rff6 25. Re1 Qf7 26. Qg3 Rh5 27. a4 Rfh6 {Firouzja,A (2760)-Praggnanandhaa R (2747) Toronto, Canada 2024 [Stockfish 16.1] ½-½ (39)}) ({RR} 13. Qe2 Qd7 14. Re1 Nf4 15. Qe3 Ng6 16. h3 Bf5 17. Bxf5 Qxf5 18. Nd4 Nxd4 19. cxd4 O-O 20. Nf3 Rac8 21. Qb3 c5 22. dxc5 Bxc5 23. Be3 Bxe3 24. Qxe3 Rfe8 25. Rad1 Rcd8 26. Qd3 Qxd3 27. Rxd3 Nf4) ({RR} 13. Qe2 Bh5 14. Rd1 O-O 15. a4 Qd7 16. Nf1 Na5 17. Ng3 Bg6 18. Nd4 Bxc2 19. Qxc2 Nc6 20. Ndf5 Rad8 21. Qe2 Kh8 22. axb5 axb5 23. Qxb5 Nxe5 24. Qxd7 Rxd7 25. Nxe7 Rxe7 26. Rxd5 Nc4 27. b3 Nb6 {Ter-Sahakyan,S (2650)-Panesar Vedant (2462) Dubai Police Officers Club, A 2024 1-0 (44)}) ({RR} 13. h3 Bh5 14. Bf5 ({RR} 14. Nh2 Bg6 15. Bxg6 ({RR} 15. Bb1 Nc5 ({RR} 15... Bg5 16. g3 d4 17. f4 dxc3 18. Ne4 Bh6 19. bxc3 Bxe4 20. Bxe4 Qd7 21. f5 Nc5 22. Bxh6 gxh6 23. Rd1) 16. f4 Bxb1 17. Rxb1 Nd3 18. Qg3 Nxc1 19. Rbxc1 O-O 20. Nb3 f5 21. Nf3 Qd7 22. Qf2 Nd8 23. Rfd1 Ne6 24. Nfd4 Rad8 25. Nxe6 Qxe6 26. Kh2 Kh8 27. Nd4 Qh6) 15... fxg6 16. Ndf3 ({RR} 16. Nb3 g5 17. Qe2 O-O 18. Qg4 Qd7 19. Nf3 Rae8 20. Re1 Bd8 21. Nxg5 Bxg5 22. Bxg5 Qf7 23. f3 h5 24. Qg3 Qg6 25. h4 Ne7 26. Nd4 Nf5 27. Nxf5 Rxf5) 16... O-O 17. Be3 Rf5 18. g4 Rf7 19. Qd2 Qd7 20. Rad1 Raf8 21. Qxd5 Qxd5 22. Rxd5 Rxf3 23. Nxf3 Rxf3 24. Kg2 Rf7 25. f3 g5 26. Kg3 Rf8 27. b4 Kf7) 14... O-O 15. Nh2 Bg6 16. Bxg6 hxg6 17. Nb3 Qd7 18. Nf3 g5 19. Be3 g6 20. Rd1 Rad8 21. Qd2 Kg7 22. Rfe1 Rh8 23. Nxg5 Nxg5 24. Bxg5 Rh5 25. Bxe7 Qxe7 26. f4 g5 27. Nd4 Nxd4) ({RR} 13. Kh1 Bh5 14. Nb3 Bxf3 15. gxf3 Bg5 16. Rg1 Bxc1 17. Nxc1 Qh4 18. Rg4 Qh5 19. Nd3 O-O 20. Qe2 f5 21. exf6 Rxf6 22. f4 Rh6 23. f3 Rf8 24. Qf2 Rff6 25. Re1 Qf7 26. Qg3 Rh5 27. a4 Rfh6 {Firouzja,A (2760)-Praggnanandhaa,R (2747) Toronto CAN 2024 ½-½ (39)}) 13... Bxf3 14. gxf3 Bg5 15. Kh1 Bxc1 16. Nxc1 Qh4 17. Nd3 Rd8 18. Rg1 Ne7 19. Rg4 Qh5 20. Qe2 c5 21. b4 c4 22. Nc5 Nxc5 $2 {Mistake. g6 was best.} (22... g6 23. Qe3 O-O 24. Rag1 Kg7 25. Bb1 Nf5 26. Bxf5 Qxf5 27. Kg2 Rde8 28. Nb7) 23. bxc5 Qh6 24. Rag1 g6 25. f4 Qf8 26. a4 $4 {Blunder. f5 was best.} (26. f5) 26... Nc6 $2 {Mistake. d4 was best.} (26... d4 27. cxd4) 27. axb5 axb5 28. f5 d4 $4 {Blunder. Kd7 was best.} (28... Kd7) 29. e6 d3 $6 {Inaccuracy. Qxc5 was best.} (29... Qxc5 30. exf7+) 30. exf7+ Kd7 31. Bxd3 cxd3 32. Qxd3+ Kc7 33. Qxb5 Rb8 34. Qc4 Qe7 35. Re4 Qd7 36. Re6 Rbd8 37. Qf4+ Kc8 38. Qe4 Nb8 39. c6 Qxf7 40. Rb1 gxf5 $4 {Checkmate is now unavoidable. Rhf8 was best.} (40... Rhf8 41. f6 h5 42. Rb7 h4 43. Rxf7 Rxf7 44. Re8 Rxf6 45. c7 Kxc7 46. Qe7+) 41. Qe5 Qc7 $4 {Checkmate is now unavoidable. Qa7 was best.} (41... Qa7 42. Qxf5 Rhg8 43. Rh6+ Nd7 44. cxd7+ Rxd7 45. Rc6+ Kd8 46. Qf6+ Re7 47. Rd1+) 42. Qxf5 Nd7 $2 {Checkmate is now unavoidable. Rd7 was best.} (42... Rd7 43. cxd7+ Qxd7 44. Qc5+ Qc7 45. Qb5 Kd8 46. Qd5+ Kc8 47. Reb6 h6 48. Qb5) 43. cxd7+ Rxd7 44. Reb6 Rhd8 45. R6b5 Qc6+ $6 {Checkmate is now unavoidable. Qxc3 was best.} (45... Qxc3 46. Rc5+) 46. f3 Kc7 $4 {Checkmate is now unavoidable. Qc7 was best.} (46... Qc7 47. Rc5 Qxc5 48. Qxc5+ Rc7 49. Qf5+ Rdd7 50. Qe6 h5 51. Rd1 Kb8 52. Rxd7) 47. Qe5+ Rd6 48. Rc5 1-0

[Event "Sharjah Master 2024"]
[Site "Shsrjah - Abu Dhabi"]
[Date "2024.05.15"]
[Round "?"]
[White "Cardoso Cardoso, Jose Gabriel"]
[Black "Yuffa, Daniil"]
[Result "0-1"]
[WhiteElo "2496"]
[BlackElo "2617"]
[PlyCount "72"]
[EventDate "2024.05.14"]
[EventCountry "UAE"]

1. e4 c5 2. Nf3 Nc6 3. d4 cxd4 4. Nxd4 Nf6 5. Nc3 e5 6. Ndb5 d6 7. Nd5 Nxd5 8. exd5 Ne7 9. c4 Nf5 10. Bd3 g6 11. O-O a6 12. Nc3 Bg7 13. a4 O-O 14. a5 b5 $146 ({RR} 14... Re8 15. Bd2 Nd4 16. b4 Bd7 17. Kh1 Rc8 18. Rc1 f5 19. f3 Qh4 20. Be1 Qg5 21. Bf2 Bh6 22. Rb1 Qd2 23. Qxd2 Bxd2 24. Ne2 e4 25. fxe4 fxe4 26. Nxd4 exd3 27. Nf3 Bh6 28. c5 d2 29. cxd6 {Ribera Veganzones,S (2361)-Alfaro Rojas,A (2317) Barcelona ESP 2024 ½-½ (46)}) 15. axb6 Qxb6 16. Ne4 Nd4 17. b4 f5 18. c5 dxc5 19. bxc5 Qa7 20. Nd6 Qxc5 21. Ba3 Qc3 22. Nxc8 Rfxc8 23. Be7 a5 24. d6 Bf8 25. Bb5 Kg7 26. Ba4 Qc5 27. Re1 Rab8 28. Bd7 Rd8 29. Rc1 Qd5 30. Bc6 Qb3 31. Qxb3 Nxb3 32. Bxd8 Rxd8 33. Rc3 Nd4 34. Rxe5 Bxd6 35. Ree3 Bb4 36. Rcd3 Nxc6 0-1

[Event "Sharjah Master 2024"]
[Site "Shsrjah - Abu Dhabi"]
[Date "2024.05.15"]
[Round "?"]
[White "Petrosyan, Manuel"]
[Black "Avila Pavas, Santiago"]
[Result "1-0"]
[WhiteElo "2616"]
[BlackElo "2514"]
[PlyCount "175"]
[EventDate "2024.05.14"]
[EventCountry "UAE"]

1. e4 c6 2. d4 d5 3. exd5 cxd5 4. Bd3 Nc6 5. c3 Nf6 6. Bf4 Bg4 7. Qb3 e5 8. h3 exf4 9. hxg4 Qe7+ 10. Kf1 O-O-O (10... Qd8 $4 {Blunder. Nxg4 was best.} 11. g5) (10... Nxg4 11. Nd2 Qd7 12. Re1+ Be7 13. Ne2 O-O-O 14. Nf3 Bf6 15. Nxf4 g6 16. g3) 11. Nd2 g5 ({RR} 11... g6 12. g5 Ne4 13. Nxe4 dxe4 14. Re1 e3 15. Nf3 h6 16. fxe3 fxe3 17. Rh4 hxg5 18. Rxh8 g4 19. Qa3 Rd6 20. Rxe3 Qxe3 21. Qxd6 Qxd3+ 22. Kf2 {1-0 (22) Kobalia,M (2542)-Sierra Vallina,L (2275) chess.com INT 2024}) 12. Ngf3 $146 ({RR} 12. Re1 Qc7 13. Ngf3 h5 14. gxh5 g4 15. Ne5 Nxe5 16. Rxe5 g3 17. f3 Bd6 18. Rxd5 Nxd5 19. Qxd5 Rh6 20. Bc4 Rf8 21. Ke2 f5 22. Bd3 Qf7 23. Qxf7 Rxf7 24. c4 b6 25. Nb1 Kd8 26. Nc3 Re7+ {Padhye,R (2256)-Fecker,N (2396) Villablanca (Huelva) ESP 2023 0-1 (57)}) 12... h5 13. Qc2 Bg7 14. Re1 Qc7 15. gxh5 g4 16. Ne5 Kb8 17. Nxc6+ Qxc6 18. Ke2 Rxh5 19. Rxh5 Nxh5 20. Kd1 Re8 21. Rxe8+ Qxe8 22. Nf1 Bh6 23. Qe2 Qxe2+ 24. Bxe2 f5 25. Bd3 Ng7 26. f3 g3 27. Nd2 Bg5 28. Nb3 Be7 29. a4 Kc7 30. Ke2 Bd6 31. Na5 Be7 32. b4 b6 33. Nb3 Bd6 34. Bb5 Kb7 35. Nc1 a6 36. Bd3 a5 37. bxa5 bxa5 38. Bb5 Kc7 39. Kd3 Ba3 40. Nb3 Kb6 41. Kd2 Ne6 42. Kc2 Ng5 43. Nd2 Kc7 44. Bd3 Bd6 45. Bxf5 Kc6 46. Bg4 Bc7 47. Kd3 Nf7 48. c4 dxc4+ 49. Nxc4 Kd5 50. Na3 Nd6 51. Nb1 Kc6 52. Nc3 Bd8 53. Be6 Bg5 54. Ne2 Bh6 55. Nc1 Bg5 56. Nb3 Bd8 57. Kc3 Bb6 58. Nc1 Bd8 59. Nd3 Bg5 60. Ne5+ Kc7 61. Bg4 Kb6 62. Nd7+ Kc6 63. Nc5 Bh6 64. Kd3 Kb6 65. Bd7 Kc7 66. Be6 Kc6 67. Nd7 Kc7 68. Ne5 Bg5 69. Bh3 Bh6 70. Kc3 Kb6 71. Nd3 Kc6 72. Nc5 Kb6 73. Ne6 Kc6 74. Kd3 Kd5 75. Nd8 Ne8 76. Nb7 Bg7 77. Bd7 Nd6 78. Nxa5 Bxd4 79. Nc6 Bc5 80. Ne7+ Ke5 81. Ng6+ Kf6 82. Nxf4 Bf2 83. Bh3 Nb7 84. Kc4 Nc5 85. a5 Ke5 86. Ne2 Kd6 87. Nc3 Ke5 88. Bc8 1-0

[Event "Sharjah Master 2024"]
[Site "Shsrjah - Abu Dhabi"]
[Date "2024.05.15"]
[Round "?"]
[White "Assaubayeva, Bibisara"]
[Black "Aditya Mittal"]
[Result "0-1"]
[WhiteElo "2481"]
[BlackElo "2607"]
[PlyCount "100"]
[EventDate "2024.05.14"]
[EventCountry "UAE"]

1. d4 Nf6 2. c4 e6 3. Nf3 d5 4. Bg5 dxc4 5. e4 b5 6. a4 c6 7. Nc3 b4 8. Nb1 Ba6 9. Qc1 c3 $146 ({RR} 9... Nbd7 10. Bxc4 Qa5 11. Nbd2 Rc8 12. O-O Be7 13. e5 Nd5 14. Ne4 O-O 15. Bxe7 Nxe7 16. Nd6 Rc7 17. Bxa6 Qxa6 18. Qd2 Rb8 19. Rfc1 c5 20. h4 Nd5 21. h5 h6 22. Rc4 Rc6 23. Rac1 N5b6 24. Rxb4 {Barria Zuniga,D (2341)-Shirov,A (2660) chess.com INT 2024 0-1 (47)}) 10. bxc3 Bxf1 11. Kxf1 Nbd7 12. Nbd2 c5 13. dxc5 bxc3 14. Qxc3 Nxc5 15. Bxf6 gxf6 16. g3 Rc8 17. Rc1 Bh6 18. Kg2 O-O 19. Rc2 Nd3 20. Nc4 a5 21. Qa1 Qe7 22. Rc3 Rfd8 23. Rd1 Nb4 24. Nd4 f5 25. Nxa5 Bg7 26. Qc1 Qe8 27. Rxc8 Rxc8 28. Qa3 Bxd4 29. Qxb4 Bc3 30. Qb6 Kg7 31. Nb3 Qxa4 32. exf5 Qe4+ 33. Kg1 Qxf5 34. Qe3 Bf6 35. Nd4 Qd5 36. Qf3 $4 {Blunder. g4 was best.} (36. g4) 36... Rd8 37. Nxe6+ Qxe6 38. Rxd8 Bxd8 39. Kg2 f5 $2 {Mistake. Be7 was best.} (39... Be7 40. h4 Kg6 41. Kg1 Qf5 42. Qe2 Bf6 43. Kf1 Kg7 44. Kg2 Bd4 45. Kg1) 40. Qc3+ Bf6 41. Qc7+ Kg6 42. Qb8 Bd4 43. Kf1 Qc4+ 44. Kg2 Qe6 45. Kf1 Bc5 46. Qb5 Qd5 47. Qe8+ Kh6 48. Kg1 $6 {Inaccuracy. Qc8 was best.} (48. Qc8 Kg5 49. Qh8 Qh1+ 50. Ke2 Qc6 51. Qg8+ Kh6 52. Qf7 Qa6+ 53. Kf3 Qg6) 48... Qe4 49. Qxe4 $4 {Blunder. Qf7 was best.} (49. Qf7 Qe1+) 49... fxe4 50. Kf1 Kg5 0-1

[Event "Sharjah Master 2024"]
[Site "Shsrjah - Abu Dhabi"]
[Date "2024.05.15"]
[Round "?"]
[White "Madaminov, Mukhiddin"]
[Black "Gupta, Abhijeet"]
[Result "1/2-1/2"]
[WhiteElo "2504"]
[BlackElo "2601"]
[PlyCount "110"]
[EventDate "2024.05.14"]
[EventCountry "UAE"]

1. e4 e5 2. Nf3 Nc6 3. Bb5 a6 4. Ba4 Nf6 5. O-O d6 6. c3 Bd7 7. d4 g6 8. Re1 Bg7 9. h3 O-O 10. Bc2 Nh5 11. a4 Qe8 12. Na3 f5 13. Nc4 fxe4 14. Bxe4 $146 ({RR} 14. Rxe4 d5 15. Rxe5 Qf7 16. Rxh5 gxh5 17. Ne3 Kh8 18. Qd3 Qg8 19. Nh4 Bf6 20. Nef5 Ne7 21. Be3 Rae8 22. Kh1 Nxf5 23. Nxf5 Bg5 24. Nh6 Rxe3 25. Qxe3 Qg7 {0-1 (25) Costa,L (2472)-Falkevall,A (2311) Stockholm SWE 2024}) 14... Qf7 15. dxe5 Be6 16. Bxc6 bxc6 17. Na5 Bd5 18. Ra3 Bxf3 19. Qxf3 Qxf3 20. gxf3 Bxe5 21. Nxc6 Bf4 22. Be3 Bxe3 23. Rxe3 Nf4 24. Rb3 Nxh3+ 25. Kf1 Nf4 26. Rb7 Rf7 27. Re7 Rxe7 28. Nxe7+ Kf7 29. Rxc7 Ne6 30. Rc8 Rxc8 31. Nxc8 d5 32. b4 Ke8 33. Nb6 d4 34. cxd4 Nxd4 35. Nd5 Kd7 36. Nf6+ Kd6 37. Nxh7 Nc6 38. b5 axb5 39. axb5 Ne7 40. Nf8 Kc5 41. Ke2 Kxb5 42. Kd3 Kc5 43. Ke4 Kc4 44. f4 Kc3 45. Ne6 Kd2 46. Nd4 Ke1 47. Kf3 Kd2 48. Ne6 Kd3 49. Nc5+ Kd4 50. Nd7 Kd3 51. Ne5+ Kd2 52. Kg4 Ke2 53. Kg5 Nd5 54. Nxg6 Nxf4 55. Nxf4+ Kxf2 1/2-1/2

[Event "Sharjah Master 2024"]
[Site "Shsrjah - Abu Dhabi"]
[Date "2024.05.15"]
[Round "?"]
[White "Deac, Bogdan-Daniel"]
[Black "Bharath Subramaniyam H"]
[Result "1-0"]
[WhiteElo "2692"]
[BlackElo "2544"]
[PlyCount "34"]
[EventDate "2024.05.14"]
[EventCountry "UAE"]

{[%evp 9,34,18,29,25,24,17,16,15,25,26,24,9,27,20,25,22,26,26,24,22,20,21,25,24,23,21,18]} 1. c4 e6 2. g3 d5 3. Bg2 Nf6 4. Nf3 dxc4 5. Qa4+ Bd7 6. Qxc4 c5 7. Ne5 Qc8 $1 8. Qd3 Bc6 ({RR} 8... Nc6 9. Nxd7 Nxd7 10. b3 Be7 11. Bb2 O-O 12. Nc3 Rd8 13. Rc1 Nf6 14. Qb1 Qd7 15. d3 Rac8 16. O-O h6 17. Rfd1 b6 18. e3 Nd5 19. Rd2 Nxc3 20. Bxc3 Bf8 21. Qa1 Ne7 22. Bb2 b5 23. Be4 {Giri,A (2745)-Oparin,G (2670) chess.com INT 2024 1-0 (68)}) 9. Nxc6 Nxc6 10. Nc3 $146 ({RR} 10. Qb5 Be7 11. Bxc6+ bxc6 12. Qa4 e5 13. d3 h5 14. Bg5 Rb8 15. Nd2 Rxb2 16. Nc4 Rb4 17. Qxa7 e4 18. Bxf6 gxf6 19. h4 (19. O-O $16) 19... exd3 20. exd3 Qe6+ 21. Kd2 O-O 22. Rhe1 Qd5 23. Rxe7 Rxc4 (23... Rd8 $5 24. Qa3 $8 Rxc4 $11) 24. Qd7 Rd4 {Pantsulaia,L (2535)-Danielyan,V (2331) chess.com INT 2024 0-1 (38)} (24... Ra4 $11 {keeps the balance.})) ({RR} 10. Qb5 Be7 11. Bxc6+ bxc6 12. Qa4 h5 13. h4 Nd5 14. d3 Rb8 15. Na3 Qd7 16. Qd1 Nb6 17. Qc2 Qd5 18. e4 Qd7 19. Be3 O-O 20. O-O Rfd8 (20... e5 $11 {remains equal.}) 21. Rfd1 e5 22. Qe2 Qg4 23. Qxg4 hxg4 24. Rac1 (24. Rd2 $16) 24... Na4 {Mkrtchyan,M (2352)-Nurgaliyeva,Z (2075) Tashkent UZB 2024 1-0 (54)}) 10... a6 11. b3 Be7 12. Bb2 O-O 13. Rc1 Rd8 14. Qb1 Qd7 15. d3 b5 16. O-O Rac8 17. Rfd1 h5 {[%mdl 32768] Accuracy: White = 91%, Black = 92%. . Loss on time!?} 1-0

[Event "Sharjah Master 2024"]
[Site "Shsrjah - Abu Dhabi"]
[Date "2024.05.15"]
[Round "?"]
[White "Yilmaz, Mustafa"]
[Black "Pranav Anand"]
[Result "1/2-1/2"]
[WhiteElo "2641"]
[BlackElo "2530"]
[PlyCount "157"]
[EventDate "2024.05.14"]
[EventCountry "UAE"]

{[%evp 12,157,29,33,32,27,35,39,35,36,30,17,13,-19,17,18,12,3,13,14,38,14,14,-32,26,19,26,35,34,-1,54,61,70,71,70,57,60,33,34,10,15,7,13,0,0,0,33,21,16,15,14,18,26,0,0,0,0,0,0,0,0,0,11,0,0,0,0,0,0,0,0,0,0,0,0,0,0,0,0,0,0,0,0,0,0,0,0,0,0,0,0,0,0,0,0,0,0,0,0,0,0,0,0,0,0,0,0,0,0,0,0,0,0,0,0,0,0,0,0,0,0,0,0,0,0,0,0,0,0,0,0,0,0,0,0,0,0,0,0,0,0,0,0,0,0,0,0,0]} 1. d4 d5 2. c4 e6 3. Nc3 Nf6 4. cxd5 exd5 5. Bg5 Bb4 6. e3 h6 7. Bh4 g5 8. Bg3 h5 ({RR} 8... Ne4 9. Qc2 h5 10. f3 Nxg3 11. hxg3 Be6 12. Bd3 c6 13. O-O-O (13. a3 $5 {[%cal Ra3b4]} Bxc3+ 14. Qxc3 $14) 13... Nd7 14. f4 Bg4 15. Nf3 Qe7 16. e4 Bxc3 17. Qxc3 Bxf3 18. gxf3 dxe4 $1 19. Bxe4 gxf4 20. g4 O-O-O 21. d5 h4 (21... Kb8 $142) 22. dxc6 Nc5 23. Bf5+ {Caruana,F (2803)-Nepomniachtchi,I (2758) Toronto CAN 2024 ½-½ (109)}) 9. Qb3 $146 ({RR} 9. h3 Ne4 10. Nge2 Nxg3 11. Nxg3 h4 12. Nh5 c6 13. Be2 f5 14. O-O Qe7 15. a3 Bd6 $1 16. b4 Bc7 (16... a6 $17) 17. Rc1 Kd8 18. b5 Nd7 19. bxc6 bxc6 20. Qc2 Nb6 21. Na4 (21. Na2 $1 $15 Nc4 22. Bxc4 dxc4 23. Rfd1) 21... Nxa4 22. Qxa4 {[#]} Bd7 $1 23. Rc3 (23. Rxc6 $17 Rc8 24. Rfc1 Bxc6 25. Rxc6) 23... g4 {Bocharov,D (2513)-Le,Q (2731) chess.com INT 2024 1-0 (46)} (23... Rb8 $19 24. Rfc1 g4 25. hxg4 fxg4 26. Bxg4 Bxg4 27. Qxc6 Rxh5 28. Qxc7+ Qxc7 29. Rxc7 Rb1)) ({RR} 9. h3 Ne4 10. Nge2 Nxg3 11. Nxg3 h4 12. Nh5 c6 13. Bd3 Qe7 14. Bf5 Bd7 15. Qf3 Kf8 (15... Kd8 $15 16. g4 Bxf5 17. Qxf5 Nd7) 16. g4 hxg3 $1 17. Nxg3 Qf6 18. O-O-O Bd6 19. Rdf1 Na6 20. Qg4 Rh4 21. Qf3 (21. Bxd7 $15 Rxg4 22. hxg4) 21... Re8 22. Kb1 Nb4 23. a3 Rf4 {Svane,F (2617)-Gavrilescu,D (2524) chess.com INT 2024 1-0 (65)} (23... Nd3 $17)) ({RR} 9. h4 Ne4 10. Nge2 Bg4 11. Qb3 Nxg3 12. Nxg3 Nc6 13. hxg5 Qxg5 14. Bb5 Bxc3+ 15. Qxc3 Rh6 16. Ne2 Bxe2 17. Kxe2 O-O-O 18. Rag1 h4 19. Kd1 Rf6 20. Qd2 Qf5 21. Rf1 Qb1+ 22. Qc1 (22. Ke2 $1 $11 Qe4 23. Kd1) 22... Qe4 (22... Qxa2 $19 23. Qc3 Qb1+ 24. Kd2 Qg6) 23. Rh2 $2 {[%mdl 8192]} (23. Qd2 $11) 23... a6 {Ter Sahakyan,S (2646)-Gavrilescu,D (2524) chess.com INT 2024 ½-½ (59)}) 9... Bxc3+ {White is slightly better.} 10. Qxc3 Nc6 11. f3 h4 $1 {[%cal Rh4g3]} 12. Bf2 Qe7 13. h3 Bd7 14. Bd3 Nh5 15. Ne2 f5 16. a3 O-O-O 17. Rc1 Ng3 ({Black should play} 17... Kb8 $15) 18. Nxg3 $11 hxg3 19. Bxg3 Qxe3+ 20. Be2 Qe7 $6 {Inaccuracy. Qxc3+ was best. With the idea ...f4.} (20... Qxc3+ 21. Rxc3) 21. Be5 Rh6 22. Bb5 $1 g4 23. Bxc6 Bxc6 24. Qe3 Qh7 25. Kd2 gxh3 26. Rxh3 Rxh3 27. gxh3 Qxh3 28. Rg1 Qh5 29. Rg7 {[%mdl 1024] White has compensation.} Rd7 30. Rg8+ Rd8 31. Rg7 Rd7 32. Rg5 Qh7 {The position is equal.} 33. Qf4 Rf7 34. Qg3 Qh6 35. Bf4 {[#] Rg8+ is the strong threat.} Qf6 36. Rg8+ Rf8 37. Rxf8+ Qxf8 38. Bxc7 b6 39. Bf4 (39. Bd6 {keeps more tension.} Qh6+ 40. Bf4 Qh8 41. Be5 Qh6+ 42. Bf4) 39... Qf7 40. Qg5 Kb7 41. Qd8 Qd7 42. Qb8+ Ka6 43. b3 Qg7 44. Qc8+ Bb7 45. Qc3 Qg2+ 46. Kc1 Qf1+ 47. Kc2 Qe2+ 48. Bd2 Qb5 49. Kb2 Qe2 50. Kc1 Qf1+ 51. Kb2 Qe2 52. Kc2 Qb5 53. Qe3 Bc8 54. Qe5 Qc6+ 55. Kb2 Kb7 56. Bf4 a5 57. a4 Ka6 58. Qe2+ Ka7 59. Qe7+ Qd7 60. Qf8 Qe6 61. Be5 Qd7 62. Kc3 Qc6+ 63. Kd2 Ka6 64. Bd6 Bb7 65. Qe7 Bc8 66. Qd8 (66. Qf6 {seems wilder.} Kb7 67. Qe7+ Ka6 68. Bf4 Qe6 69. Qd8) 66... Qd7 67. Qf8 Qc6 68. Be5 Bd7 69. Qd8 Qc8 (69... Be8 {with more complications.} 70. Bc7 Bd7 71. Bf4 Bc8 72. Qe7 Bd7) 70. Qe7 Qc6 71. Bf4 Bc8 72. Bd6 Qd7 73. Qe2+ Ka7 74. Bf4 Qe6 75. Be5 Qh6+ 76. Kc2 Ba6 77. Qf2 Qh3 78. Kb2 Qf1 79. Qxf1 {Accuracy: White = 92%, Black = 93%.} 1/2-1/2

[Event "Sharjah Master 2024"]
[Site "Shsrjah - Abu Dhabi"]
[Date "2024.05.15"]
[Round "?"]
[White "Idani, Pouya"]
[Black "Yilmazyerli, Mert"]
[Result "1/2-1/2"]
[WhiteElo "2605"]
[BlackElo "2522"]
[PlyCount "26"]
[EventDate "2024.05.14"]
[EventCountry "UAE"]

1. d4 Nf6 2. c4 e6 3. Bf4 d5 ({RR} 3... Bb4+ 4. Nd2 c5 5. e3 d5 6. dxc5 Bxc5 7. Ngf3 O-O 8. cxd5 Nxd5 9. Bg3 b6 10. Rc1 Bb7 11. Bc4 Nd7 12. O-O a6 13. Qe2 b5 14. Bd3 N5f6 15. Ng5 Rc8 16. Nge4 Qb6 17. Nxc5 Nxc5 18. Bb1 {Erigaisi,A (2762)-Wei Yi (2755) Warsaw POL 2024 ½-½ (47)}) 4. cxd5 Nxd5 5. Bg3 Nf6 $146 ({RR} 5... Bb4+ 6. Nd2 Nf6 7. Ngf3 O-O 8. a3 Be7 9. e4 c5 10. e5 Nd5 11. Bd3 cxd4 12. Qe2 Nc6 13. h4 f5 14. h5 b6 15. Rc1 Bb7 16. Nb3 Rc8 17. O-O Qd7 18. Rfd1 Rfd8 19. Bb5 Nc7 20. Nbxd4 {Yeletsky,I (2504)-Gokerkan,C (2523) chess.com INT 2024 1-0 (71)}) ({RR} 5... c5 6. e4 Nf6 7. Nd2 cxd4 8. e5 Nd5 9. Ngf3 Nc6 10. a3 Nde7 11. Bd3 Nf5 12. Bf4 Be7 13. h4 Nxh4 14. Nxh4 Bxh4 15. Qg4 Be7 16. Qxg7 Rf8 17. Rxh7 Qa5 18. Ke2 Bd7 19. Rah1 O-O-O 20. Rh8 {Parpiev,I (2285)-Khruschiov,A (2347) Odintsovo RUS 2024 1-0 (53)}) ({RR} 5... c5 6. e4 Nf6 7. Nd2 cxd4 8. e5 Nd5 9. Ngf3 Nc6 10. a3 Be7 11. Bd3 Bd7 12. Qe2 a6 13. Rc1 b5 14. O-O Rc8 15. h4 O-O 16. Ne4 Na5 17. Rcd1 b4 18. Neg5 g6 19. Bxa6 Ra8 20. Rxd4 {Vorobiov,E (2412)-Kuzminykh,N (2028) Sochi RUS 2024 1-0 (33)}) 6. Nc3 c5 7. dxc5 Qxd1+ 8. Rxd1 Bxc5 9. e4 Nc6 10. a3 Bd7 11. h3 Nd4 12. Be2 Bc6 13. b4 Bd7 $4 {Blunder. Nc2+ was best.} (13... Nc2+) 1/2-1/2